Memorias MESCyT Enero-Diciembre, 2014 (Registro nro. 16406)
[ vista simple ]
| 000 -CABECERA | |
|---|---|
| campo de control de longitud fija | 00774nam a2200265 i 4500 |
| 001 - NÚMERO DE CONTROL | |
| campo de control | 16406 |
| 003 - IDENTIFICADOR DEL NÚMERO DE CONTROL | |
| campo de control | DO-SdUEMH |
| 005 - FECHA Y HORA DE LA ÚLTIMA TRANSACCIÓN | |
| campo de control | 20260216140535.0 |
| 007 - CAMPO FIJO DE DESCRIPCIÓN FÍSICA--INFORMACIÓN GENERAL | |
| campo de control de longitud fija | ta |
| 008 - DATOS DE LONGITUD FIJA--INFORMACIÓN GENERAL | |
| campo de control de longitud fija | 211105s2015||||dr a|||gr|||| 0|| | spa d |
| 040 ## - FUENTE DE LA CATALOGACIÓN | |
| Centro catalogador/agencia de origen | DO-SdUEMH |
| Lengua de catalogación | spa |
| Normas de descripción | rda |
| 041 ## - CÓDIGO DE LENGUA | |
| Código de lengua del texto/banda sonora o título independiente | spa |
| 082 14 - NÚMERO DE LA CLASIFICACIÓN DECIMAL DEWEY | |
| Número de clasificación | RD378.7293 R426MI 2015 |
| Colección | Colección Dominicana |
| 084 ## - OTRO NÚMERO DE CLASIFICACIÓN | |
| Item number | 15-00050 |
| 110 ## - ENTRADA PRINCIPAL--NOMBRE DE ENTIDAD CORPORATIVA | |
| Nombre de entidad corporativa o nombre de jurisdicción como elemento de entrada | República Dominicanana: Ministerio de Educación Superior, Ciencia y Tecnología |
| 245 #0 - MENCIÓN DE TÍTULO | |
| Título | Memorias MESCyT Enero-Diciembre, 2014 |
| 260 ## - PUBLICACIÓN, DISTRIBUCIÓN, ETC. | |
| Date of publication, distribution, etc. | 2015 |
| 264 #1 - PRODUCCIÓN, PUBLICACIÓN, DISTRIBUCIÓN, FABRICACIÓN Y COPYRIGHT | |
| Lugar de producción, publicación, distribución, fabricación | Santo Domingo, República Dominicana : |
| Fecha de producción, publicación, distribución, fabricación o copyright | 2015 |
| 300 ## - DESCRIPCIÓN FÍSICA | |
| Extensión | 173páginas : |
| Otras características físicas | ilustraciones ; |
| Dimensiones | 27 cm. |
| 336 ## - TIPO DE CONTENIDO | |
| Fuente | rdacontent |
| Término de tipo de contenido | texto |
| Código de tipo de contenido | txt |
| 337 ## - TIPO DE MEDIO | |
| Fuente | rdamedia |
| Nombre del tipo de medio | sin mediación |
| Código del tipo de medio | n |
| 338 ## - TIPO DE SOPORTE | |
| Fuente | rdacarrier |
| Nombre del tipo de soporte | volumen |
| Código del tipo de soporte | nc |
| 942 ## - ELEMENTOS DE PUNTO DE ACCESO ADICIONAL (KOHA) | |
| Fuente del sistema de clasificación o colocación | Dewey Decimal Classification |
| Tipo de ítem Koha | Libro |
| Suprimir en OPAC | No |
| Estado de retiro | Estado de pérdida | Fuente del sistema de clasificación o colocación | Estado dañado | Disponibilidad para préstamo | Código de colección | Localización permanente | Ubicación/localización actual | Fecha de adquisición | Fuente de adquisición | Total de préstamos | Signatura topográfica completa | Código de barras | Fecha visto por última vez | Número de copia | Precio válido a partir de | Tipo de ítem Koha |
|---|---|---|---|---|---|---|---|---|---|---|---|---|---|---|---|---|
| Dewey Decimal Classification | Disponible para préstamo | Colección Dominicana | UNIREMHOS SEDE | UNIREMHOS SEDE | 02/16/2026 | Donación | RD | UNIREMHOS-SED1090 | 11/05/2021 | ej. 1 | 11/05/2021 | Libro |




